<An> English economic reader's dictionary

Gespeichert in:
Bibliographische Detailangaben
1. Verfasser: Hornby, A.S
Weitere Verfasser: Parnwell, E.C
Format: Buch
Sprache:Englisch
Veröffentlicht: Oxford University Press 1980
Ausgabe:2. ED. Rev.
Tags: Tag hinzufügen
Keine Tags, Fügen Sie das erste Tag hinzu!

MARC

LEADER 00000nam a2200000 4500
001 c137643
005 20041019155310.6
041 0 |a eng 
044 |a GB 
245 1 0 |a <An> English economic reader's dictionary  |c A.S. Hornby, E.C. Parnwell 
250 |a 2. ED. Rev. 
264 1 |a Oxford  |b University Press  |c 1980 
300 |a 631 s. 
100 1 |a Hornby, A.S. 
700 1 |a Parnwell, E.C.